| 000 | 00611nam a2200181Ia 4500 | ||
|---|---|---|---|
| 008 | 100920s9999 xx 000 0 und d | ||
| 082 |
_b40180 _a28 व 51 थ 71 |
||
| 100 | _aथत्ते यदुनाथ. | ||
| 245 | _aविनोबा भावे. | ||
| 260 |
_bचित्रशाळा प्रकाशन,पुणे2. _c1971 |
||
| 300 |
_a108 _bसाधी |
||
| 365 | _b4 | ||
| 520 | _aबा. वि चरित्र. | ||
| 630 | _aविनोबा भावे. | ||
| 650 | _aबा. वि चरित्र. | ||
| 730 | _aविनोबा भावे. | ||
| 942 | _cBOOK | ||
| 999 |
_c691375 _d691372 |
||